• 首页
  • 本馆介绍
  • 公告通知
  • 最新文献
  • 馆藏检索
  • 电子资源
  • 读者导购
  • 参考咨询
  • 我的图书馆
  • 登录
  • 详细信息显示
  • 放入我的书架
  • 预约/预借图书
  • 作者相关作品
  • 分类相关作品
  • 丛书相关作品
  • 出版社相关作品

书目信息

  • 表格格式
  • 工作单格式
  • 卡片格式
题名:
区域综合开发的理论与案例
    
 
作者: 陈传康 著
分册:  
出版信息: 北京   科学出版社  1998.5
页数: 227页
开本: 16开
丛书名:
单 册:
中图分类: F061.5
科图分类:
主题词: 经济学--分支科学
电子资源:
ISBN: 7-03-006106-3
000 00572nam0 2200193 45
001 0103221675
005 20031219104049.1
010    @a7-03-006106-3@b精装@dCNY30.00
100    @a20010322d1998 km y0chiy0120 ea
101 0  @achi
105    @a z 000yy
200 1  @a区域综合开发的理论与案例@AQu Yu Zong He Kai Fa De Li Lun Yu An Li@f陈传康著@FChen Chuan Kang Zhu
210    @a北京@c科学出版社@d1998.5
215    @a227页@d16开
606 0  @a经济学@x分支科学
690    @aF061.5@v1
701  0 @a陈传康@4著
801    @aCN@bTSTC@c20010322
905    @b295907-911@dF061.5@e12@f5
    
    区域综合开发的理论与案例/陈传康著.-北京:科学出版社,1998.5
    227页;16开
    
    
    ISBN 7-03-006106-3(精装):CNY30.00
    
●
相关链接 在E读中查询图书 在五车中查询图书 在当当中查询图书 在豆瓣中查询图书


正题名:区域综合开发的理论与案例     索取号:F061.5/12         预约/预借

序号 登录号 条形码 馆藏地/架位号 状态 备注
1 0295907   002959070   第一借阅区/ [索取号:F061.5/12] 在馆    
2 0295908   002959089   第一借阅区/ [索取号:F061.5/12] 在馆    
3 0295909   002959098   第一借阅区/ [索取号:F061.5/12] 在馆    
4 0295910   002959105   第一借阅区/ [索取号:F061.5/12] 在馆    
5 0295911   002959114   第一样本阅览室/ [索取号:F061.5/12] 在馆    
唐山师范学院图书馆 欢迎您!
大连网信软件有限公司© 版权所有